| 000 | 00497nam a2200121Ia 4500 | ||
|---|---|---|---|
| 008 | 220620s9999||||xx |||||||||||||| ||und|| | ||
| 100 | _aBogner, Artur||Rosenthal, Gabriele | ||
| 245 | 0 |
_aChild Soldiers in Context _bBiographies, Familial and Collective Trajectories in Northern Uganda |
|
| 546 | _aEnglish[eng] | ||
| 650 | _a“Lord’s Resistance Army†(LRA)||rebel groups||Africa | ||
| 856 | _uhttps://library.oapen.org/bitstream/20.500.12657/40088/1/GBSB2_bogner.pdf | ||
| 942 | _cEB | ||
| 999 |
_c28328 _d28328 |
||